| 000 | 00511nam a2200181 a 4500 | ||
|---|---|---|---|
| 005 | 20210223124644.0 | ||
| 008 | 020815s1941 mx r 000 0 spa d | ||
| 035 | _aUPN01000118245 | ||
| 049 | _aCG | ||
| 050 | 4 |
_aF3308 _bH5.2 |
|
| 100 | 1 | _aHinojosa, Roberto | |
| 245 | 1 | 3 |
_aEl cóndor encadenado o (la inmolación de Bolivia) / _cRoberto Hinojosa. |
| 260 |
_aMonterrey : _b[s.n.], _c1941. |
||
| 300 | _a148 p. | ||
| 651 | 4 |
_aBOLIVIA - _xHISTORIA _95464 |
|
| 740 | 3 | _aLa inmolación de Bolivia | |
| 905 | _aLibro | ||
| 999 |
_c90623 _d90623 |
||